00555nam a22001817a 450000500170000001000140001702000260003102000230005703500130008003700130009308200150010610000190012124500560014026000460019627000550024230000270029750000490032420100722161332.0 aENG-96487 a9788172112790c490.00 a8172112793c490.00 aEN-80020 bDBAD/PUB a333.700954 aSurender KumarE aEnviromental policies in India /cby Surender Kumar aNew DelhibNorthern Book Centrec(201 ? ) a4221/1, Ansari Road, Darya GanjbNew Delhie110002 axiii,135p.c22 cm (Hb) aincludes bibliographical refrences and Index